000 00760nam0a22002771 4500
001 RU\NLR\A1SV\43525
005 20251203171251.9
035 _a(NLR Aleph) 009725711
090 _a9889964
_c9889964
100 _a20020808d1925 u y0rusy50 ca
101 0 _arus
102 _aRU
200 1 _aБеседа с сельским исполнителем
_e[В вопросах и ответах]
_fВ.Зеберг
210 _aМ.
_cГос. изд.
_d1925
215 _a8 с.
_d18 см
225 _aКнижка-копейка
620 _dМосква
700 1 _aЗеберг
_bВ.
_4070
801 0 _aRU
_bNLR
_c20020808
852 _aNLR
_j36/4126
899 _aРКП
899 _aРГБ
942 _cBOOK
980 _aNB
980 _aA1SV